Hra o život (Record no. 20612)
[ view plain ]
| 000 -LEADER | |
|---|---|
| fixed length control field | 00634nam a22002413a 4500 |
| 001 - CONTROL NUMBER | |
| control field | 20612 |
| 003 - CONTROL NUMBER IDENTIFIER | |
| control field | VRT |
| 005 - DATE AND TIME OF LATEST TRANSACTION | |
| control field | 20260127142040.0 |
| 008 - FIXED-LENGTH DATA ELEMENTS--GENERAL INFORMATION | |
| fixed length control field | 221012s1958 xr ||| 0 cze d |
| 035 ## - SYSTEM CONTROL NUMBER | |
| System control number | a000710690 |
| 040 ## - CATALOGING SOURCE | |
| Original cataloging agency | UKB |
| Language of cataloging | slo |
| Transcribing agency | UKB |
| Description conventions | AACR2 |
| 041 0# - LANGUAGE CODE | |
| Language code of text/sound track or separate title | cze |
| 044 ## - COUNTRY OF PUBLISHING/PRODUCING ENTITY CODE | |
| MARC country code | xr |
| ISO country code | CZ |
| 100 1# - MAIN ENTRY--PERSONAL NAME | |
| Personal name | Beneš, Karel Josef |
| 245 10 - TITLE STATEMENT | |
| Title | Hra o život |
| Statement of responsibility, etc. | K. J. Beneš ; ilustr. Karla Svolinského |
| 260 ## - PUBLICATION, DISTRIBUTION, ETC. | |
| Place of publication, distribution, etc. | Praha |
| Name of publisher, distributor, etc. | Naše vojsko |
| Date of publication, distribution, etc. | 1958 |
| 300 ## - PHYSICAL DESCRIPTION | |
| Extent | 599 s. |
| 700 1# - ADDED ENTRY--PERSONAL NAME | |
| Personal name | Svolinský, Karel |
| Relationship | ill |
| 910 ## - USER-OPTION DATA (OCLC) | |
| User-option data | ukb |
| 942 ## - ADDED ENTRY ELEMENTS (KOHA) | |
| Source of classification or shelving scheme | Dewey Decimal Classification |
| Koha item type | Krásna literatúra pre dospelých |
| Suppress in OPAC | No |
| 949 ## - LOCAL PROCESSING INFORMATION (OCLC) | |
| 6 | 1232208 |
| a | 19.D.23915 |
| b | PV.6353-58 |
| 949 ## - LOCAL PROCESSING INFORMATION (OCLC) | |
| 6 | 1232211 |
| a | B.D.13492 |
| b | PV.6354-58 |
| Stav vyradenia | Strata | Poškodenie | Spôsob nadobudnutia | Domovská knižnica | Aktuálna knižnica | Dátum nadobudnutia | Total checkouts | Čiarový kód exemplára | Date last seen | Typ exemplára |
|---|---|---|---|---|---|---|---|---|---|---|
| Dar | Obecná knižnica Horná Štubňa | Obecná knižnica Horná Štubňa | 27.01.2026 | 4736200715 | 27.01.2026 | Krásna literatúra pre dospelých |
